000 01316nam2a22002531 4500
001 rc\4147036
005 20250611004155.0
021 _aRU
_b[50-29742]
035 _a(NLR Aleph) 007990854
090 _a8578607
_c8578607
100 _a20130415d1950 |||y0rusy50 ca
101 0 _arus
102 _aRU
105 _aac z |||c|
200 1 _aГубернские очерки
210 _aМосква
_cГослитиздат
_d1950
_gТип. им. Сталина - 20-я тип. Союзполиграфпрома
215 _aXXVI, 388 с., 1 л. портр.
_cил.
461 0 _1001rc\4147035
_12001#$aИзбранные произведения$eВ 7 т.$f[Вступ. статья: А. Лаврецкий. "М.Е. Салтыков-Щедрин", с. V-XXVI]. Т. 1-$vТ. 1
_1700#1$aСалтыков-Щедрин$bМ. Е.$f1826-1889$gМихаил Евграфович$3RU\NLR\AUTH\774332
_98578602
_aСалтыков-Щедрин, М. Е. (1826-1889)
_cМосква
_d1950
_f[Вступ. статья: А. Лаврецкий. "М.Е. Салтыков-Щедрин", с. V-XXVI]. Т. 1-
_nГослитиздат
_oВ 7 т.
_tИзбранные произведения
_vТ. 1
801 0 _aRU
_bNLR
_gpsbo
801 1 _aRU
_bELAR
_2rusmarc
852 _aNLR
_jЛ30 Г-5/490
942 _cBOOK
980 _aNB